[Event "IECG CP.2001.Q.00019 email"]
[Site "IECG email"]
[Date "2002.10.01"]
[Round "?"]
[White "Lindam, Ingo"]
[Black "Pramanik, Prasenjit"]
[Result "1-0"]
[WhiteElo "2066"]
[BlackElo "800"]
[PlyCount "31"]
[EventDate "2002.10.01"]
[EventType "tourn (corr)"]
[EventRounds "10"]
[SourceTitle "Corr 2008"]
[Source "ChessBase"]
[SourceDate "2008.06.24"]
[SourceVersion "1"]
[SourceVersionDate "2008.06.24"]
[SourceQuality "1"]

1. d4 d5 2. Nf3 Nf6 3. Bf4 Bf5 4. c4 e6 5. Nc3 Bd6 6. Bxd6 Qxd6 7. e3 Nbd7 8. Nb5 Qb4+ 9. Qd2 Qxd2+ 10. Kxd2 Ne4+ 11. Ke1 Kd8 12. cxd5 exd5 13. Bd3 a6 14. Nc3 Ndf6 15. Ne5 Ke7 16. Bxe4 1-0

[Event "IECG CP.2002.P.00042 email"]
[Site "IECG email"]
[Date "2002.10.01"]
[Round "?"]
[White "Pramanik, Prasenjit"]
[Black "Briceno Ochoa, Jose Antonio"]
[Result "0-1"]
[WhiteElo "800"]
[BlackElo "1131"]
[PlyCount "30"]
[EventDate "2002.10.01"]
[EventType "tourn (corr)"]
[EventRounds "6"]
[EventCountry "NED"]
[SourceTitle "Corr 2008"]
[Source "ChessBase"]
[SourceDate "2008.06.24"]
[SourceVersion "1"]
[SourceVersionDate "2008.06.24"]
[SourceQuality "1"]

1. e4 d5 2. exd5 Qxd5 3. Nc3 Qa5 4. d4 Nf6 5. Nf3 Bf5 6. Bd3 Nbd7 7. 0-0 e6 8. Re1 0-0-0 9. Ne4 Nxe4 10. Bxe4 Bxe4 11. Rxe4 h6 12. c3 Qh5 13. Qa4 a6 14. Bf4 Nb6 15. Bg3 Nxa4 0-1

[Event "IECG CP.2001.Q.00019 email"]
[Site "IECG email"]
[Date "2002.10.01"]
[Round "?"]
[White "Pramanik, Prasenjit"]
[Black "Koch, Christian"]
[Result "0-1"]
[WhiteElo "800"]
[BlackElo "2262"]
[PlyCount "30"]
[EventDate "2002.10.01"]
[EventType "tourn (corr)"]
[EventRounds "10"]
[SourceTitle "Corr 2008"]
[Source "ChessBase"]
[SourceDate "2008.06.24"]
[SourceVersion "1"]
[SourceVersionDate "2008.06.24"]
[SourceQuality "1"]

1. e4 c5 2. c3 d5 3. exd5 Qxd5 4. d4 e6 5. Nf3 Nf6 6. Bd3 Nc6 7. Bg5 cxd4 8. cxd4 Nxd4 9. Nxd4 Qxg2 10. Qf3 Qxg5 11. Bb5+ Bd7 12. Bxd7+ Nxd7 13. Qxb7 Rb8 14. Qc6 Qe5+ 15. Ne2 Qxb2 0-1

[Event "IECG CP.2001.Q.00019 email"]
[Site "IECG email"]
[Date "2002.10.01"]
[Round "?"]
[White "Rosso, Pier Andrea"]
[Black "Pramanik, Prasenjit"]
[Result "1-0"]
[WhiteElo "2089"]
[BlackElo "800"]
[PlyCount "63"]
[EventDate "2002.10.01"]
[EventType "tourn (corr)"]
[EventRounds "10"]
[SourceTitle "Corr 2008"]
[Source "ChessBase"]
[SourceDate "2008.06.24"]
[SourceVersion "1"]
[SourceVersionDate "2008.06.24"]
[SourceQuality "1"]

1. e4 e5 2. Nf3 Nf6 3. d4 Nxe4 4. Bd3 d5 5. Nxe5 Bd6 6. 0-0 0-0 7. c4 c6 8. Nc3 Nxc3 9. bxc3 Nd7 10. f4 Nf6 11. Qb3 Re8 12. Bd2 Qc7 13. cxd5 cxd5 14. c4 Qb6 15. Qxb6 axb6 16. cxd5 Bxe5 17. fxe5 Nxd5 18. Bb5 Rf8 19. a4 Be6 20. Rac1 Rac8 21. Kf2 Rxc1 22. Rxc1 Rc8 23. Rxc8+ Bxc8 24. h4 Nc7 25. Bd3 Bd7 26. Bc2 Bc6 27. g4 g6 28. Bb3 Kg7 29. g5 Nd5 30. Kf3 Kf8 31. Ke4 Nb4+ 32. d5 1-0

[Event "IECG CP.2002.P.00042 email"]
[Site "IECG email"]
[Date "2002.10.01"]
[Round "?"]
[White "Simmelink, Joop Theo"]
[Black "Pramanik, Prasenjit"]
[Result "1-0"]
[WhiteElo "2257"]
[BlackElo "800"]
[PlyCount "43"]
[EventDate "2002.10.01"]
[EventType "tourn (corr)"]
[EventRounds "6"]
[EventCountry "NED"]
[SourceTitle "Corr 2008"]
[Source "ChessBase"]
[SourceDate "2008.06.24"]
[SourceVersion "1"]
[SourceVersionDate "2008.06.24"]
[SourceQuality "1"]

1. d4 d5 2. c4 e6 3. Nc3 Nf6 4. cxd5 exd5 5. Bg5 c6 6. Qc2 h6 7. Bh4 Bb4 8. e3 g5 9. Bg3 Be6 10. Bd3 0-0 11. 0-0-0 Bd6 12. Nge2 b5 13. f3 a5 14. Bxd6 Qxd6 15. g4 Na6 16. h4 Nb4 17. Qd2 a4 18. hxg5 Nxd3+ 19. Qxd3 hxg5 20. e4 dxe4 21. fxe4 Bc4 22. Qh3 1-0

[Event "IECG CP.2001.P.00055"]
[Site "IECG email"]
[Date "2001.10.01"]
[Round "?"]
[White "Pramanik, Prasenjit"]
[Black "Lee, Terrence A"]
[Result "1/2-1/2"]
[WhiteElo "800"]
[BlackElo "1428"]
[PlyCount "66"]
[EventDate "2001.10.01"]
[EventType "tourn (corr)"]
[EventRounds "6"]
[SourceTitle "Corr 2008"]
[Source "ChessBase"]
[SourceDate "2008.06.24"]
[SourceVersion "1"]
[SourceVersionDate "2008.06.24"]
[SourceQuality "1"]

1. e4 Nf6 2. e5 Nd5 3. d4 d6 4. Nf3 g6 5. Bc4 Nb6 6. Bb3 Bg7 7. Ng5 e6 8. f4 dxe5 9. fxe5 c5 10. c3 cxd4 11. 0-0 0-0 12. cxd4 Nc6 13. Nf3 f6 14. exf6 Bxf6 15. Be3 Na5 16. Nc3 Nxb3 17. Qxb3 Nd5 18. Ne4 Bg7 19. Bg5 Nf6 20. Rac1 Qd5 21. Nxf6+ Bxf6 22. Bxf6 Qxb3 23. axb3 Rxf6 24. Ng5 Rf5 25. Rxf5 exf5 26. Rc7 h6 27. Nf7 Be6 28. Nxh6+ Kf8 29. Rxb7 Rd8 30. Rxa7 Rxd4 31. h3 Rb4 32. g4 fxg4 33. Nxg4 Rxb3 1/2-1/2

[Event "IECG CP.2001.P.00055"]
[Site "IECG email"]
[Date "2001.10.01"]
[Round "?"]
[White "Pramanik, Prasenjit"]
[Black "Maubrises, Etienne"]
[Result "0-1"]
[WhiteElo "800"]
[BlackElo "1892"]
[PlyCount "20"]
[EventDate "2001.10.01"]
[EventType "tourn (corr)"]
[EventRounds "6"]
[SourceTitle "Corr 2008"]
[Source "ChessBase"]
[SourceDate "2008.06.24"]
[SourceVersion "1"]
[SourceVersionDate "2008.06.24"]
[SourceQuality "1"]

1. e4 c5 2. c3 Nf6 3. d4 Nxe4 4. f3 Nf6 5. dxc5 e6 6. b4 Nd5 7. Ne2 a5 8. Qb3 axb4 9. cxb4 Qh4+ 10. Ng3 Qxb4+ 0-1

[Event "IECG CN.2001.0.00237"]
[Site "IECG email"]
[Date "2001.02.25"]
[Round "?"]
[White "Pramanik, Prasenjit"]
[Black "Hendershot, Paul"]
[Result "0-1"]
[WhiteElo "800"]
[BlackElo "808"]
[PlyCount "40"]
[EventDate "2001.02.25"]
[EventType "tourn (corr)"]
[EventRounds "6"]
[SourceTitle "Corr 2008"]
[Source "ChessBase"]
[SourceDate "2008.06.24"]
[SourceVersion "1"]
[SourceVersionDate "2008.06.24"]
[SourceQuality "1"]

1. e4 e5 2. Nf3 d6 3. d4 Nc6 4. d5 Nce7 5. c4 Nf6 6. Bd3 Ng6 7. Nc3 Be7 8. 0-0 0-0 9. h3 Bd7 10. Be3 Nh5 11. Ne2 c5 12. Ng3 Nhf4 13. Qd2 Nxd3 14. Qxd3 Nh4 15. Nxh4 Bxh4 16. Rac1 b5 17. cxb5 Qa5 18. Qd2 Qxb5 19. b3 Rab8 20. Bg5 Bxg5 0-1